Spresňovanie fázového diagramu Al-Mn-Fe v blízkosti výskytu Taylorovej fázy

Gespeichert in:
Bibliographische Detailangaben
1. Verfasser: Sudovská, Dominika, 1990- (Verfasst von)
Weitere Verfasser: Priputen, Pavol, 1976- (Betreuung Doktorarbeit)
Format: Manuskript Buch
Sprache:Slowakisch
Veröffentlicht: 2015
Schlagworte:
Online-Zugang:http://is.stuba.sk/zp/portal_zp.pl?podrobnosti=110753
Tags: Tag hinzufügen
Keine Tags, Fügen Sie das erste Tag hinzu!

MARC

LEADER 00000ntm a22000003a 4500
001 stuzp51187
003 SK-STU
005 20160719153800.1
007 ta
008 150427s2015----xo-----f-mn---000-0-slo-d
040 |a STU  |b slo 
041 0 |a slo 
100 1 |a Sudovská, Dominika,  |d 1990-  |u 061000  |4 aut  |U MTF Materiálovotechnologická fakulta  |T MTF Ústav materiálov  |X 6941  |U M1000  |Y 81  |7 A000006941 
242 0 1 |a Refinement of Phase Diagram Al-Mn-Fe nearby Occurrence of Taylor Phase  |y eng 
245 1 0 |a Spresňovanie fázového diagramu Al-Mn-Fe v blízkosti výskytu Taylorovej fázy 
260 |c 2015 
650 4 |a štruktúrne komplexné kovové fázy  |2 slo 
650 4 |a ternárny fázový diagram  |2 slo 
650 4 |a tepelná pamäťová bunka  |2 slo 
650 4 |a systém Al-Mn-Fe  |2 slo 
650 4 |a Taylorova fáza  |2 slo 
650 4 |a complex metallic alloys  |2 eng 
650 4 |a Taylor phase  |2 eng 
650 4 |a system Al-Mn-Fe  |2 eng 
650 4 |a ternary phase diagram  |2 eng 
650 4 |a thermal memory cell  |2 eng 
700 1 |a Priputen, Pavol,  |d 1976-  |4 ths  |X 54882  |7 A000054882 
856 4 |u http://is.stuba.sk/zp/portal_zp.pl?podrobnosti=110753 
996 |c M* DP-12324  |l MMSKP  |s P  |a 0  |w stuzp51187_0001 
SQL |a stuzp51187  |b DDP  |c SLO  |d Spresňovanie fázového diagramu Al-Mn-Fe v blízkosti výskytu Taylorovej fázy  |e 6941  |f Sudovská, Dominika  |g 061000  |h 54882  |i Priputen, Pavol  |j 20150609  |k 667  |l 06  |m http://is.stuba.sk/zp/portal_zp.pl?podrobnosti=110753  |n I-MI  |o 5.2.26. materiály